Asset Management : Whole-Life Management of Physical Assets. (Record no. 2992)

MARC details
005 - DATE AND TIME OF LATEST TRANSACTION
control field 20250602102058.0
020 ## - INTERNATIONAL STANDARD BOOK NUMBER
International Standard Book Number 978-0-7277-3653-6
082 ## - DEWEY DECIMAL CLASSIFICATION NUMBER
Classification number 658.202 LLO
245 ## - TITLE STATEMENT
Title Asset Management : Whole-Life Management of Physical Assets.
260 ## - PUBLICATION, DISTRIBUTION, ETC.
Place of publication, distribution, etc. London,
Name of publisher, distributor, etc. ICE,
Date of publication, distribution, etc. 2015.
300 ## - PHYSICAL DESCRIPTION
Extent xxii, 242p.: ill.; figure, table
Other physical details Index
Dimensions 21cm
700 ## - ADDED ENTRY--PERSONAL NAME
Other authors/Editors LLOYD, C.
856 ## - ELECTRONIC LOCATION AND ACCESS
Link text Access Online Book
Electronic name Asset Management
Path www.icevirtuallibrary.com
942 ## - ADDED ENTRY ELEMENTS (KOHA)
Source of classification or shelving scheme Dewey Decimal Classification
Koha item type Books
Holdings
Date last seen Total checkouts Full call number Barcode Cost, replacement price Price effective from Koha item type Lost status Source of classification or shelving scheme Damaged status Not for loan Withdrawn status Home library Current library Shelving location Date acquired Cost, normal purchase price
06/25/2025   658.72 LLO DOM0003537 470475.00 06/25/2025 Books   Dewey Decimal Classification       CBE Dodoma CBE Dodoma Special Reserve Collection 06/19/2017 156825.00
06/02/2025   658.202 LLO DOM00010610 470475.00 06/02/2025 Books   Dewey Decimal Classification       College of Business Education Main Library College of Business Education Main Library Special Reserve Collection 06/19/2017 156825.00
06/02/2025   658.202 LLO DOM00010611 470475.00 06/02/2025 Books   Dewey Decimal Classification       College of Business Education Main Library College of Business Education Main Library Special Reserve Collection 06/19/2017 156825.00
06/02/2025   658.202 LLO DOM00010612 470475.00 06/02/2025 Books   Dewey Decimal Classification       College of Business Education Main Library College of Business Education Main Library Special Reserve Collection 06/19/2017 156825.00
06/02/2025   658.202 LLO DOM00010613 470475.00 06/02/2025 Books   Dewey Decimal Classification       College of Business Education Main Library College of Business Education Main Library Special Reserve Collection 06/19/2017 156825.00
06/02/2025   658.202 LLO DOM00010614 470475.00 06/02/2025 Books   Dewey Decimal Classification       College of Business Education Main Library College of Business Education Main Library Special Reserve Collection 06/19/2017 156825.00